LEADER 01390nam a2200289 u 4500 001 000000049679 003 CaOOAMICUS 005 20070226115134.0 008 000707r19731905stkbf u000 u eng u 035 $a10851861 040 $aPUL(R)$bita 100 1 $aHarper, William Rainey,$d1856-1906.$0(OLS)http://pul/name/24594 245 12$aA critical and exegetical commentary on Amos and Hosea /$cby William Rainey Harper .. 260 $aEdinburgh :$bT. & T. Clark,$c1973. 300 $aclxxxi, 424 p. :$bc. geogr., tav. ;$c22 cm 490 1 $aInternational critical commentary on the Holy Scriptures of the Old and New Testaments 500 $aInclude indici. 500 $aRistampa della 1. ed. del 1905. 630 04$aBiblia.$pV.T.$pAmos$xCommenti.$0(OLS)http://pul/subject/10220 630 04$aBiblia.$pV.T.$pOsea$xCommenti.$0(OLS)http://pul/subject/10223 830 0$aInternational critical commentary on the Holy Scriptures of the Old and New Testaments.$0(OLS)http://pul/title/41926 850 $aPUL 852 $aPUL$W1$xDP1 Fondo Ciprotti$y59$m1533 G 2$j65970$nBK-PRI$b $qFondi$B65970$CPULBib$Z2$F65970 $H $81 941 1 $a1 961 $aINV: 0426. Fondo Ciprotti 996 $6245$aA critical and exegetical commentary on Amos and Hosea$9(OLS)http://pul/title/41981 996 $6260$aEdinburgh :$bT. & T. Clark$9(OLS)http://pul/publisher/51693 LEADER 01289nam a2200301 u 4500 001 000000075766 003 CaOOAMICUS 005 20070226123133.0 008 031021s2001 gw u000 u ger u 020 $a3170171143 035 $a10973654 040 $aPUL$bita 100 1 $aZeindler, Matthias.$0(OLS)http://pul/name/49536 245 10$aGottesefahrung in der christlichen Gemeinde :$beine systematisch-theologische Untersuchung /$cMatthias Zeindler. 260 $aStüttgart :$bKohlhammer,$cc2001. 300 $a374 p. ;$c24 cm 490 1 $aForum Systematik ;$vBd. 13 500 $aComprende indice. 504 $aBibliografia: p. 337-368. 650 4$aEsperienza di Dio.$0(OLS)http://pul/subject/20042 650 4$aTeologia.$0(OLS)http://pul/subject/118 830 0$aForum Systematik ;$vBd. 13.$0(OLS)http://pul/title/99389 850 $aPUL 852 $aPUL$W1$xSL Religione 1$y3$m54 M 13$j97414$nBK-PRI$b $qStampati$B97414$CPULBib$Z2$F97414 $H92695 $81 941 1 $a8 996 $6020$a3170171143$9(OLS)http://pul/number/99059 996 $6245$aGottesefahrung in der christlichen Gemeinde :$beine systematisch-theologische Untersuchung$9(OLS)http://pul/title/99409 996 $6260$aStüttgart :$bKohlhammer$9(OLS)http://pul/publisher/50537